Visualizzazione normale
Vista MARC
- Cappella
di Personal Name
Records bibliografici associati: 1
001 - CONTROL NUMBER
- control field: 29998
003 - CONTROL NUMBER IDENTIFIER
- control field: IT-RoPau
005 - DATE AND TIME OF LATEST TRANSACTION
- control field: 20140616215127.0
008 - FIXED-LENGTH DATA ELEMENTS
- fixed length control field: 140616|| aca||aabn | a|a d
040 ## - CATALOGING SOURCE
- Original cataloging agency: IT-RoPau
- Transcribing agency: IT-RoPau
100 ## - HEADING--PERSONAL NAME
- Personal name: Cappella
- Miscellaneous information: Codice interprete SPICS: 41225
- Relator term: Interprete
670 ## - SOURCE DATA FOUND
- Source citation: Work cat.: (IT-RoPau)100328: Cappella 29995, U Got 2 Let the Music